<?xml version="1.0" encoding="UTF-8"?>
<record
    xmlns:xsi="http://www.w3.org/2001/XMLSchema-instance"
    xsi:schemaLocation="http://www.loc.gov/MARC21/slim http://www.loc.gov/standards/marcxml/schema/MARC21slim.xsd"
    xmlns="http://www.loc.gov/MARC21/slim">

  <leader>01093nam a2200289 i 4500</leader>
  <controlfield tag="001">67596</controlfield>
  <controlfield tag="003">ES-MaACL</controlfield>
  <controlfield tag="005">20250911222625.0</controlfield>
  <controlfield tag="007">t|</controlfield>
  <controlfield tag="008">040607s2003    sp a         ||||0|dspa d</controlfield>
  <datafield tag="020" ind1=" " ind2=" ">
    <subfield code="a">84-95845-20-2</subfield>
  </datafield>
  <datafield tag="080" ind1=" " ind2=" ">
    <subfield code="a">929 Comellas Llinares, Francisco (047.53)</subfield>
  </datafield>
  <datafield tag="080" ind1=" " ind2=" ">
    <subfield code="a">343.819.5(436.2 Mauthausen)(093.3)</subfield>
  </datafield>
  <datafield tag="100" ind1="1" ind2=" ">
    <subfield code="a">Serrano i Blanquer, David.</subfield>
    <subfield code="9">105765</subfield>
  </datafield>
  <datafield tag="245" ind1="1" ind2="0">
    <subfield code="a">Espa&#xF1;oles en los campos nazis </subfield>
    <subfield code="b">: hablan los supervivientes / </subfield>
    <subfield code="c">David Serrano Blanquer ; pr&#xF3;logo de Eduardo Haro Tecglen.</subfield>
  </datafield>
  <datafield tag="250" ind1=" " ind2=" ">
    <subfield code="a">1&#xAA; ed.</subfield>
  </datafield>
  <datafield tag="260" ind1=" " ind2=" ">
    <subfield code="a">Barcelona : </subfield>
    <subfield code="b">Littera, </subfield>
    <subfield code="c">2003.</subfield>
  </datafield>
  <datafield tag="300" ind1=" " ind2=" ">
    <subfield code="a">191 p. : </subfield>
    <subfield code="b">il. ; </subfield>
    <subfield code="c">22 cm.</subfield>
  </datafield>
  <datafield tag="490" ind1="1" ind2=" ">
    <subfield code="a">Ensayo (Littera) ; </subfield>
    <subfield code="v">9</subfield>
  </datafield>
  <datafield tag="600" ind1="1" ind2="4">
    <subfield code="a">Comellas Llinares, Francisco-</subfield>
    <subfield code="v">Entrevistas.</subfield>
    <subfield code="9">39985</subfield>
  </datafield>
  <datafield tag="650" ind1="0" ind2="4">
    <subfield code="a">Guerra mundial, 1939-1945-</subfield>
    <subfield code="x">Campos de concentraci&#xF3;n.</subfield>
    <subfield code="9">13235</subfield>
  </datafield>
  <datafield tag="651" ind1=" " ind2="4">
    <subfield code="a">Mauthausen (Austria, Campo de concentraci&#xF3;n)-</subfield>
    <subfield code="x">Historia-</subfield>
    <subfield code="v">Relatos personales.</subfield>
    <subfield code="9">155376</subfield>
  </datafield>
  <datafield tag="700" ind1="1" ind2=" ">
    <subfield code="a">Haro Tecglen, Eduardo, </subfield>
    <subfield code="d">1924-2005</subfield>
    <subfield code="9">61879</subfield>
  </datafield>
  <datafield tag="830" ind1="0" ind2=" ">
    <subfield code="a">Ensayo (Littera) ; </subfield>
    <subfield code="v">9</subfield>
    <subfield code="9">230903</subfield>
  </datafield>
  <datafield tag="852" ind1=" " ind2=" ">
    <subfield code="a">ES-MaACL</subfield>
    <subfield code="j">L-27840</subfield>
  </datafield>
  <datafield tag="999" ind1=" " ind2=" ">
    <subfield code="c">67596</subfield>
    <subfield code="d">67596</subfield>
  </datafield>
  <datafield tag="952" ind1=" " ind2=" ">
    <subfield code="0">0</subfield>
    <subfield code="1">0</subfield>
    <subfield code="4">0</subfield>
    <subfield code="7">0</subfield>
    <subfield code="a">ATENEOM</subfield>
    <subfield code="b">ATENEOM</subfield>
    <subfield code="c">DEPO2</subfield>
    <subfield code="d">2008-01-17</subfield>
    <subfield code="e">SC</subfield>
    <subfield code="l">0</subfield>
    <subfield code="o">L-27840</subfield>
    <subfield code="p">1070777</subfield>
    <subfield code="r">2023-02-23 00:00:00</subfield>
    <subfield code="w">2023-02-23</subfield>
    <subfield code="y">MONOGRAFIA</subfield>
  </datafield>
</record>
